000
00301nam a2200133Ia 4500
100
_a
Anano/ Prakash
942
_c
BK
654
_a
Business oportunities
245
_a
Source book of Business opportunities
260
_b
Shilton
_a
Bombay
_c
1988
082
_a
338.88
546
_a
ENGLISH
999
_c
34020
_d
34020